00867cam a22002417a 4500003000500000005001700005008004100022010001000063011001000073035001000083040000900093100003500102245014000137260004100277300002900318502009500347650002900442650002600471650002500497650002600522650002600548650005100574CHAP20220817043616.0000203d1999 mx b r 00110 spa d a79682 a80654 a91105 cCHAP00aAguirre Rodríguez, Martín.10aDiagnóstico ecológico y productivo del ejido El Zacate, municipio de San Juan de Guadalupe, Dgo.c/por Martín Aguirre Rodríguez aChapingo, Méx. :bEl autor,c1999. a55 h. :bmapas ; cuadros aTesis (Ing. Agr. Esp. en Zonas Aridas) -- UACH. Unidad Regional Universitaria Zonas Aridas14aAgricultura sustentable.14aAgriculturaxDurango.14aBotánicaxDurango.14aEjido El Zacate, Dgo.14aGanaderíaxDurango.14aRecursos naturalesxConservaciónxChihuahua.